000 00385 a2200145 4500
005 20250628080623.0
020 _a0 19 572267 1
082 _aLM 342.085 MAR
100 _aMARTIN, I. H.
245 _aPersonal Freedom and the Law in Tanzania.
260 _aNairobi,
_bOxford University Press,
_c1976.
300 _axvii, 224p.:
_bIndex
_c22cm.
700 _aLATHAM, A. J.
942 _2ddc
_cBKS
999 _c204
_d204